Persian ghazals of Ghalib / (Record no. 130676)

MARC details
000 -LEADER
fixed length control field 00685nam a22002177a 4500
005 - DATE AND TIME OF LATEST TRANSACTION
control field 20170124110115.0
010 ## - LIBRARY OF CONGRESS CONTROL NUMBER
LC control number 984093
020 ## - INTERNATIONAL STANDARD BOOK NUMBER
Terms of availability 00.00
035 ## - SYSTEM CONTROL NUMBER
System control number 984093
037 ## - SOURCE OF ACQUISITION
Source of stock number/acquisition Cen Lib/ Ret
040 ## - CATALOGING SOURCE
Original cataloging agency DPL
Language of cataloging EN
082 ## - DEWEY DECIMAL CLASSIFICATION NUMBER
Classification number 899.1551
Item number PER
245 ## - TITLE STATEMENT
Title Persian ghazals of Ghalib /
Statement of responsibility, etc translated by Yusuf Hussain
260 ## - PUBLICATION, DISTRIBUTION, ETC. (IMPRINT)
Place of publication, distribution, etc New Delhi
Name of publisher, distributor, etc Ghalib Institute
Date of publication, distribution, etc 1980
270 ## - ADDRESS
City New Delhi
300 ## - PHYSICAL DESCRIPTION
Extent various pagings
Dimensions 21cm(Hb)
650 ## - SUBJECT ADDED ENTRY--TOPICAL TERM
Topical term or geographic name as entry element Ghalib, Mirza Asadullah Khan, -- 1797-1869
9 (RLIN) 29822
650 ## - SUBJECT ADDED ENTRY--TOPICAL TERM
Topical term or geographic name as entry element Ghalib, Mirza Asadullah Khan, -- 1797-1869 -- Translations into English
9 (RLIN) 29823
700 ## - ADDED ENTRY--PERSONAL NAME
Personal name Yusuf Husain
9 (RLIN) 29824
942 ## - ADDED ENTRY ELEMENTS (KOHA)
Source of classification or shelving scheme Dewey Decimal Classification
Koha item type English Books
Classification part 899.1551
Call number suffix PER
Holdings
Withdrawn status Lost status Damaged status Not for loan Home library Current library Date acquired Source of acquisition Cost, normal purchase price Total Checkouts Full call number Barcode Date last seen Date checked out Copy number Cost, replacement price Price effective from Koha item type
        Central Library Central Library 10/07/2015 Cen Lib/Ret 0.00 1 899.1551 PER 984093 07/11/2017 09/10/2017 1 0.00 10/07/2015 English Books

© Delhi Public Library
Hit Counter
free hit counter